000 00377nam a2200145Ia 4500
008 100122s9999 xx 000 0 und d
082 _b16487
_a823
100 _aभावे पु भा
245 _aव्याध
260 _bमेनका प्रकाशन
_c1970
300 _a132
630 _aव्याध
730 _aव्याध
942 _cBOOK
999 _c406428
_d406425